Capitals of countries that start with E - Statistics

General Stats
  • This quiz has been taken 37 times
  • The average score is 7 of 8
Answer Stats
Hint Answer % Correct
Egypt Cairo
100%
El Salvador San Salvador
100%
Ecuador Quito
97%
Ethiopia Addis Ababa
94%
Estonia Tallinn
94%
East Timor/Timor Leste Dili
91%
Eritrea Asmara
70%
Equatorial Guinea Malabo
64%
No matching quizzes found
Score Distribution
Percent of People with Each Score
Percentile by Number Answered
Your Score History
You have not taken this quiz